Vall de Sau Collsacabra : castellano - français castellano - français
Publicado:
Barcelona :
Diputació de Barcelona, Consorci per a la Promoció Turística de la Vall de Sau Collsacabra ,
2005
Descripción Física:
1 f. plegat : il. col., fot., map. ; 25 cm pleg., 52 x 79 cm despleg.
MARC
| LEADER | 00000nam a2200000Ia 4500 | ||
|---|---|---|---|
| 001 | 20811 | ||
| 008 | 160829s2005 xx 000 0 cat d | ||
| 080 | |a FU-15-47 | ||
| 245 | |a Vall de Sau Collsacabra : |b castellano - français | ||
| 260 | |a Barcelona : |b Diputació de Barcelona, Consorci per a la Promoció Turística de la Vall de Sau Collsacabra, |c 2005 | ||
| 300 | |a 1 f. plegat : |b il. col., fot., map. ; |c 25 cm pleg., 52 x 79 cm despleg. | ||
| 590 | |a Conté un mapa de la zona. | ||
| 590 | |a A la portada: Turisme Total. | ||
| 590 | |a Text en castellà i francès. | ||
| 590 | |a Hi ha un exemplar en català i anglès amb R. 22063 | ||
| 650 | |a Sau (Vall) |x Guies |9 21992 | ||
| 650 | |a Collsacabra |x Guies |9 21993 | ||
| 650 | |a Sau, Pantà de |x Guies |9 21994 | ||
| 700 | |a Consorci per a la Promoció Turística de la Vall de Sau Collsacabra |9 39477 | ||
| 710 | 1 | |a Barcelona (Catalunya : Província). |b Diputació |9 52408 | |
| 901 | |a Arxiu | ||
| 942 | |n 1 | ||
| 952 | |0 0 |1 0 |4 0 |6 FU1547 |7 1 |9 50134 |a Arxiu |b Arxiu |d 2016-12-01 |l 0 |o FU-15-47 |p 20811 |r 2016-12-01 00:00:00 |w 2016-12-01 |y ARXIU | ||
| 999 | |c 53976 |d 53976 | ||